Gua̕ sobre el manejo de finiquitos y liquidaciones laborales 2012

Bibliographic Details
Main Author: Bornacini Hervella, Honor ̌A
Format: eBook
Language:Spanish
Published: Mx̌ico D.F: Mx̌ico Fiscal, 2012
Subjects:
Online Access:Acceso restringido

MARC

LEADER 00000nam a22000007a 4500
005 2013070807217.0
007 cr|||| ||||
008 130708s2012 mx |||||s|||| 00||0 spa d
035 |a 11339 
040 |a vLex 
090 |c 4382  |d 4382 
100 1 |a Bornacini Hervella, Honor ̌A. 
245 1 0 |a Gua̕ sobre el manejo de finiquitos y liquidaciones laborales 2012  |h [Recurso electrn̤ico] /  |c Honor ̌A. Bornacini Hervella 
256 |a Servicio en ln̕ea 
260 |a Mx̌ico D.F:  |b Mx̌ico Fiscal,  |c 2012 
300 |a 1 recurso electrn̤ico 
506 1 |a Contenido solo disponible en los productos indicados  |d vLex Global  |d vLex Global (Academic Edition, excluding Law Schools)  |d vLex Global (U.S. Academic Edition, Law Schools)  |d vLex Global (U.S. Academic Edition, excluding Law Schools)  |d vLex Global (Academic Edition, Law Schools) 
650 |a Derecho laboral  |z Mx̌ico 
740 0 |a vLex Libros (Servicio en ln̕ea) 
856 4 0 |u http://vlex.com/source/guia-el-manejo-finiquitos-y-liquidaciones-laborales-2012-11339  |z Acceso restringido 
942 |c BOOK 
999 0 |a Labor laws and legislation